000 00609nam a22001937a 4500
005 20170405121450.0
010 _aENG-117506
020 _a9788179105146
_c850.00
035 _aEN-101038
037 _bDBAD/PUB
082 _a304.60954
100 _aSharma, Seema
245 _aDemographic transition in India /
_cby Seema Sharma
260 _aJaipur
_bAavishkar Publishers, Distributors
_c2016
270 _a807,Vyas Building, Chaura Rasta
_bJaipur
_e302003
300 _avi,186p.:
_b22cm(hb)
_cill
500 _aIncluding Index and Bibliography
942 _2ddc
_cEN
_h304.60954
_mSHA
999 _c138300
_d138300